000 00374nam a2200145Ia 4500
008 230917s9999||||xx |||||||||||||| ||und||
040 _e208830
_aMAIN
041 _aEnglish
082 _a333.95 G959B
100 _aGupta, Asha
245 0 _aBiodiversity conservation and utilization
260 _aJaipur
_bPointer Publishers
_c2013
300 _axii, 209 p.
942 _cBK
999 _c175658
_d175658